000 01544cam a22003255a 4500
001 L159812
008 170725s2018 xxk f 000 0 eng d
020 _a9781783212217
035 _a(Sirsi) u159812
041 0 _aeng
050 0 4 _a711.1
110 2 _aRoyal Institution of Chartered Surveyors
_94900
245 0 0 _aDigital systems and technology in infrastructure
_h[electronic resource]
260 _aLondon
_bRICS
_c2018
490 0 _aRICS Guidance Note
520 _aSets out how digital systems are commercially managed from the procurement and implementation phases through to their operational, maintenance and whole life cycle management within infrastructure assets. The guidance note covers the digital systems and technology market; the commercial management of digital systems and technology; the key areas of commercial risk in digital systems and technology; case studies on the Digital Railway Programme, and Transport for London and the Prestige Contract.
520 _aEffective from February 2018.
590 _aNTK
650 2 4 _aIT
650 2 4 _aDIGITAL TECHNOLOGY
650 2 4 _aTRANSPORT
650 2 4 _aINFRASTRUCTURE PROJECTS
650 2 4 _aCOMMERCIAL MANAGEMENT
651 _aUnited Kingdom
690 _aInfrastructure
_96246
700 1 _aMallett, Robert
700 1 _aKirk, Alan
856 4 0 _uhttps://www.rics.org/profession-standards/rics-standards-and-guidance/sector-standards/construction-standards/digital-systems-and-technology-in-infrastructure
_zAvailable on RICS.org
942 _n0
_2ddc
999 _c116121
_d116121